000 00607nam a2200169 4500
001 113458
003 ES-MaACL
005 20230906185912.0
007 t|
008 061121s1980 sp r ||||1| spa d
100 1 _aPalacios Bañuelos, Luis.
_988423
245 1 0 _aCírculos de obreros y sindicatos agrarios en Córdoba
_b: (1877-1923) /
_cLuis Palacios Bañuelos.
260 _aCórdoba :
_bInstituto de Historia de Andalucía,
_c1980.
300 _a232 p., 10 lám. ;
_c23 cm.
710 2 _aUniversidad de Córdoba.
_bInstituto de Historia de Andalucía.
_97169
852 _aES-MaACL
_jE-4254
_bR.100316
999 _c113458
_d113458